00255 a2200109 4500001000700000020000600007040001100013100002700024240004500051245004000096362000900136169524 a  cMagnum aSergiovanni, Thomas J.10aNovos padroes de supervisao escolarlpor10aNovos padroes de supervisao escolar0 a1899